000 00836cam a2200229 a 4500
001 000004267
005 20200929151423.0
008 820510s1943 ag a 000 0 spa
040 _aDO-SdBNP
_bspa
_cBNPHU
082 _a882.2
_bS132d
100 1 _aSaint Víctor, Paúl.
_q(Paúl Bins, comte de Saint-Víctor),
_d1827-1881.
_912618
245 1 4 _aLas dos caratulas /
_cPaúl Saint Víctor.
260 _aBuenos Aires, Argentina :
_bEl Ombu,
_c[1943?].
300 _a188 p. ;
_c19 cm.
490 1 _aBiblioteca de los grandes maestros
650 4 _aTeatro griego
_xHistoria y crítica
_912619
650 4 _aLiteratura griega
_92386
600 1 4 _aSHAKESPEARE, WILLIAM,
_d1564-1616
_xCRÍTICA E INTERPRETACIÓN
_912620
600 1 4 _aKALIDASA
_912621
830 0 _aBiblioteca de los grandes maestros.
_912622
910 _aCatalogación derivada.
999 _c4081
_d4081